BIBLIOTECA

SENCICO

Sistemas de calentamiento solar de agua : (Registro nro. 4141)

Detalles MARC
000 -LEADER
fixed length control field 01844nam a22002897a 4500
003 - CONTROL NUMBER IDENTIFIER
control field PE SENCICO BE
005 - DATE AND TIME OF LATEST TRANSACTION
control field 20251020182636.0
008 - FIXED-LENGTH DATA ELEMENTS--GENERAL INFORMATION
fixed length control field 230510b |||||||| |||| 00| 0 eng d
020 ## - INTERNATIONAL STANDARD BOOK NUMBER
International Standard Book Number 978-607-17-1354-4
040 ## - CATALOGING SOURCE
Original cataloging agency PE SENCICO BE
Transcribing agency PE SENCICO BE
041 ## - LANGUAGE CODE
Language code of text/sound track or separate title spa
082 ## - DEWEY DECIMAL CLASSIFICATION NUMBER
Classification number 621.47
Item number P57
-- 2013
100 1# - MAIN ENTRY--PERSONAL NAME
9 (RLIN) 1012
Personal name Pilatowsky, Figueroa
Relator term autor
245 1# - TITLE STATEMENT
Title Sistemas de calentamiento solar de agua :
Remainder of title una guía para el consumidor /
Statement of responsibility, etc. Isaac Pilatowsky Figueroa, Rodolfo Martinez Strevel
250 ## - EDITION STATEMENT
Edition statement 3a ed.
260 ## - PUBLICATION, DISTRIBUTION, ETC.
Place of publication, distribution, etc. México, D. F. :
Name of publisher, distributor, etc. Trillas,
Date of publication, distribution, etc. 2013
300 ## - PHYSICAL DESCRIPTION
Extent 101 p. :
Other physical details il.;
Dimensions 23 cm.
504 ## - BIBLIOGRAPHY, ETC. NOTE
Bibliography, etc. note Bibliografía: p. 97
505 0# - FORMATTED CONTENTS NOTE
Formatted contents note Cap.1. El sistema de calentamiento global. -- Cap.2. Anatomía de un captador solar plano. -- Cap.3. Captadores solares evacuados. -- Cap.4. Cómo se interconectan los captadores. -- Cap.5. Cómo circular el agua. -- Cap. 6. ¿Cuáles son la inclinación y la orientación adecuada?. -- Cap.7.Cómo se almacena el agua caliente. -- Cap.8.Sistemas de calentamiento solar de gua para su uso sanitario. -- Cap.9. Sistemas solares para el calentamiento de agua para piscinas. -- Cap.10. Dispositivos de control. -- Cap.11. Cómo adquirir un equipo solar. -- Cap.12. Recomendaciones para un buen funcionamiento del sistema de calentamiento solar. -- Cap.13. Resistencia mecánica. -- Cap.14.Operación y mantenimiento. -- Cap.15. Inspección periódica. -- Cap.16. La economía del sistema de calentamiento solar. -- Cap.17. Contrato de compra-venta. -- Cap.18. Garantías y seguros. -- Cap.19. Dónde presentar una inconformidad.
650 14 - SUBJECT ADDED ENTRY--TOPICAL TERM
9 (RLIN) 1013
Topical term or geographic name entry element Calor solar
650 24 - SUBJECT ADDED ENTRY--TOPICAL TERM
9 (RLIN) 1014
Topical term or geographic name entry element Energía solar
650 24 - SUBJECT ADDED ENTRY--TOPICAL TERM
9 (RLIN) 1015
Topical term or geographic name entry element Calentadores de agua
650 24 - SUBJECT ADDED ENTRY--TOPICAL TERM
9 (RLIN) 1016
Topical term or geographic name entry element Colectores solares
700 1# - ADDED ENTRY--PERSONAL NAME
9 (RLIN) 1017
Personal name Martínez Strevel, Rodolfo
Relator term autor
910 ## - USER-OPTION DATA (OCLC)
-- hfp
-- hfp
942 ## - ADDED ENTRY ELEMENTS (KOHA)
Source of classification or shelving scheme Dewey Decimal Classification
Koha item type Libros
Existencias
Fecha de la última vez que lo usaron Número de ingreso o de inventario Pago total Signatura topográfica completa Precio efectivo desde Tipo de documento Estado perdido Sistema de clasificación Estado dañado No es para préstamo Retirado Ubicación permanente Ubicación actual Fecha de adquisición
10/05/2023 16433   621.47/P57/2013 10/05/2023 Libros   Dewey Decimal Classification       Biblioteca Central Lima Biblioteca Central Lima 10/05/2023